RUBBER (in MALAYALAM) (Record no. 18224)

MARC details
000 -LEADER
fixed length control field 00345nam a2200133Ia 4500
041 ## - LANGUAGE CODE
Language code of text/sound track or separate title Mal
245 #0 - TITLE STATEMENT
Title RUBBER (in MALAYALAM)
260 ## - PUBLICATION, DISTRIBUTION, ETC. (IMPRINT)
Name of publisher Rubber Board, Kottayam
Place of publication India
310 ## - CURRENT PUBLICATION FREQUENCY
Current publication frequency M
500 ## - GENERAL NOTE
General note Ending Volume & Year: 421, 2001
500 ## - GENERAL NOTE
General note Starting Volume & Year: 1, 1965
942 ## - ADDED ENTRY ELEMENTS (KOHA)
Koha item type Bound Journal
Holdings
Withdrawn status Lost status Damaged status Not for loan Home library Current library Date acquired Accession Number Koha item type
      Bound journals RRII Library RRII Library 31/12/2021 20177J Bound Journal